000 00328 a2200109 4500
001 ART_45161
005 20260410161951.0
008 260409a
245 1 0 _aEconomic policy in stormy waters
100 1 _aCalvo, Guillermo A.
773 0 _tJournal of applied economics
_g- Vol. 4, NÂș 1 (mayo 2001)
_wREV28044
999 _c30385
_d30385